Strukturveränderungen in der internationalen Rohstoffwirtschaft und die Rolle von Entwicklungsländern als Rohstoffexporteure in der Weltwirtschaft.

Skúmanie podstatných štruktúrnych zmien v medzinárodnom obchode so surovinami v posledných rokoch, pričom v strede pozornosti stojí export surovín. Na štruktúrne zmeny vplývajú také faktory ako sú dopyt po surovinách, kolísanie ponuky, substitučné procesy, presadenie obchodného protekcionizmu, ekolo...

Ausführliche Beschreibung

Gespeichert in:
Bibliographische Detailangaben
1. Verfasser: Frohnhöfel, R.
Format: Buchkapitel
Sprache:Deutsch
Schlagworte:
Tags: Tag hinzufügen
Keine Tags, Fügen Sie das erste Tag hinzu!

MARC

LEADER 00000naa a2200000 4500
001 r001899
005 20240618122425.6
041 0 |a ger 
044 |a DE 
245 1 0 |a Strukturveränderungen in der internationalen Rohstoffwirtschaft und die Rolle von Entwicklungsländern als Rohstoffexporteure in der Weltwirtschaft.  |c R. Frohnhöfel 
520 |a Skúmanie podstatných štruktúrnych zmien v medzinárodnom obchode so surovinami v posledných rokoch, pričom v strede pozornosti stojí export surovín. Na štruktúrne zmeny vplývajú také faktory ako sú dopyt po surovinách, kolísanie ponuky, substitučné procesy, presadenie obchodného protekcionizmu, ekologické aspekty. 
610 2 0 |a obchod svetový 
610 2 0 |a suroviny 
610 2 0 |a zmeny štruktúrne 
610 2 0 |a krajiny rozvojové 
610 2 0 |a vývoz 
610 2 0 |a ochrana prostredia životného 
610 2 0 |a údaje štatistické 
100 1 |a Frohnhöfel, R.